00354nam a2200157Ia 4500003000500000008004100005020001800046040001900064082000700083100002000090245002300110260003300133300001000166365000800176546001200184STCL221019s9999 xx 000 0 und d a9780670092802 aSTCLcSTCLbEN 222 aRushdie, Salman 0aLanguages of truth bPenguin BooksaHaryanac2021 a356 p b799 aEnglish